| 000 | 00521nam a2200193Ia 4500 | ||
|---|---|---|---|
| 003 | BUBTL | ||
| 008 | 151213s9999 xx 000 0 und d | ||
| 020 | _a1870812-55-7 | ||
| 082 | _a677KLN | ||
| 100 |
_aKlein,Werner _91604 |
||
| 245 |
_aManual of Textile Technology : New Spinning Systems/ _cWerner Klein |
||
| 260 |
_aU K _bThe Textile Institute, _cc1993. |
||
| 300 |
_a50 p. : _bill. : _c28 cm. |
||
| 650 | _aTextile | ||
| 650 | _aTextile | ||
| 856 |
_k0 _l0 _yDownload |
||
| 942 |
_2ddc _cBK |
||
| 999 |
_c4082 _d4082 |
||